00959nam a2200277 a 450000100060000000300080000600500170001400800410003102000150007203500190008704000270010604100080013308200250014124500660016626000290023230000170026149000440027850000290032250400410035150501410039265000250053365000380055870000190059670000220061583000440063758042BD-RjUL20211209080600.0161215s2002 nyu b 000 0 eng d a1860640583 a(BD-RjUL)58166 aMYGcMYGbengdBD-RjUL aeng 223a382.91bGLO 200200aThe global trading system /cKym Anderson and Bernard Hoekman aLondon : bTauris,c2002 av. ;c28 cm.1 aTauris Guides to Global economic issues aEditor: Murray G. Smith. aIncludes bibliographical references.0 aV.1 Genesis of the GATT -- Vol. 2 Core rules and procedures -- Vol. 3 Exceptions to the core rules -- Vol. 4 'New' issues for the WTO -- 0aInternational trade. 0aInternational economic relations. aAnderson, Kym  aHoekman, Bernard  0aTauris Guides to Global economic issues